| 000 | 00654nam a2200205Ii 4500 | ||
|---|---|---|---|
| 003 | JO-AjNU | ||
| 008 | 230606s9999||||xx |||||||||||||| ||und|| | ||
| 020 | _a0-321-20207-4 | ||
| 040 |
_aJO-AjNU _beng _erda _cJO-AjNU |
||
| 041 | _aeng | ||
| 050 | 1 | 4 | _aPN44.5.K46 2005 |
| 100 | 3 |
_aKENNEDY,X.J ؛ GIOIA,DANA , BAUERLEIN,MARK, _eauthor _92420 |
|
| 245 | 0 | 0 | _aHANDBOOK OF LITERARY TEARMS: Literature , Language , Theory |
| 264 | 3 | 1 | _aNew York:PEARSON Longman,2005 |
| 300 | _a165P | ||
| 336 |
_atext _btxt _2rdacontent |
||
| 337 |
_aunmediated _bn _2rdamedia |
||
| 338 |
_avolume _bnc _2rdacarrier |
||
| 650 | 4 |
_aLiterature - Terminology - Criticism _92421 |
|
| 999 |
_aE1268 _c1268 _d1268 |
||